Concentración del polielectrolito de moringa oleifera, determinación de su actividad y de la influencia de las condiciones de almacenamiento en su calidad.

Considera la solución a los problemas de contaminación ambiental y a la vez determinar la posibilidad de sustituir el uso de la semilla de marango molida por el concentrado, consistió en la realización de una secuencia de ensayos tales como: Pruebas de floculación de algas para determinar activ...

Full description

Bibliographic Details
Main Author: Castillo Torrez, José Danilo
Other Authors: Tutor: Foidl, Gabriele
Format: Tesis Section = Libro
Language:Undetermined
Spanish
Published: Managua UNI 2000
Subjects:
LEADER 01388nam a2200265Ia 4500
008 240830s9999 xx 000 0 und d
040 |a CEDOC DACA-RUSB / Mon 628.162 C352 
041 |a spa 
082 |a Mon 628.162 C352 
100 1 |a Castillo Torrez, José Danilo 
245 1 0 |a Concentración del polielectrolito de moringa oleifera, determinación de su actividad y de la influencia de las condiciones de almacenamiento en su calidad. 
260 |a Managua  |b UNI  |c 2000 
300 |a 130 p. :il 
500 |a Contiene anexos 
502 |a Tesis (Ingeniero Químico) -UNI, 2000. 
520 3 |a Considera la solución a los problemas de contaminación ambiental y a la vez determinar la posibilidad de sustituir el uso de la semilla de marango molida por el concentrado, consistió en la realización de una secuencia de ensayos tales como: Pruebas de floculación de algas para determinar actividad del concentrado de marango en comparación con la semilla de marango molida, eliminación del sabor amargo de la semilla de marango molida mediante la extracción con solventes orgánicos. 
650 7 |a SEDIMENTACION Y COAGULACION 
650 7 |b  POLIELECTROLITO - MORINGA. 
650 7 |c  CONTAMINACION AMBIENTAL. 
650 7 |d  TRATAMIENTO DE AGUA. 
650 7 |e  FLOCULACION - ALGAS 
700 1 |a Tutor:  |b Foidl, Gabriele 
942 |c BK  |2 ddc 
991 |a TESIS 
999 |c 26264